000 00655nam a2200229Ia 4500
003 OSt
005 20220926000324.0
006 a|||||r|||| 00| 0
007 ta
008 220923b |||||||| |||| 00| 0 eng d
037 _cGeneral Book
040 _aRTL
_cRTL
_beng
041 _2eng
_aeng
082 _aX9.2-P02 - P01r, P2/GD
110 _aFlex industries limited.
_9301841
245 0 _a13th Annual report.
260 _a New Delhi
_bHex industries limited.
_c2002
300 _a58p.
_ccm.
700 _aFlex industries limited.
_9301842
942 _hX9.2-P02 - P01r, P2/GD
_cGB
_2CC
999 _c598797
_d598797